[Event "U.S. Amateur North"]
[Site "Detroit, MI"]
[Date "1997.05.24"]
[Round "1.34"]
[White "Maldonado, Diana"]
[Black "Sattler, Peter"]
[Result "0-1"]
[WhiteElo "535"]
[BlackElo "1625"]
[PlyCount "71"]
[EventDate "1997.05.24"]

1. e4 c5 2. Nf3 Nc6 3. d4 cxd4 4. Nxd4 Nf6 5. Nxc6 bxc6 6. Qe2 d6 7. e5 Qa5+ 8.
c3 Qxe5 9. Qxe5 dxe5 10. Bc4 Nd5 11. Bxd5 cxd5 12. Nd2 Ba6 13. Nf3 f6 14. b3
Rc8 15. Bb2 e6 16. Nh4 Bc5 17. Rc1 O-O 18. c4 Bb4+ 19. Bc3 Ba3 20. Rc2 d4 21.
Ba5 Rc5 22. Bd2 d3 23. Rc3 Bb4 24. Rxd3 Bxd2+ 25. Rxd2 Rfc8 26. Rd6 R8c6 27.
Rd7 Rc7 28. Rd8+ Kf7 29. Ke2 g5 30. Nf3 Kg6 31. h4 g4 32. h5+ Kh6 33. Nh4 Rg7
34. Rf8 Kg5 35. h6 Rd7 36. Rg8+ {Remainder illegible, 43?} 0-1

[Event "U.S. Amateur North"]
[Site "Detroit, MI"]
[Date "1997.05.24"]
[Round "3.32"]
[White "Maldonado, Diana"]
[Black "Morian, William"]
[Result "0-1"]
[WhiteElo "535"]
[BlackElo "1603"]
[PlyCount "70"]
[EventDate "1997.05.24"]

1. e4 e5 2. Nf3 Nc6 3. Nc3 Bc5 4. Bc4 d6 5. a3 Nf6 6. b4 Bb6 7. d3 O-O 8. b5
Ne7 9. d4 exd4 10. Nxd4 Ng6 11. Nf5 Re8 12. Bd2 Bxf5 13. O-O Nxe4 14. Ne2 Nxd2
15. Re1 Nxc4 16. Qd5 Be6 17. Qxb7 Qf6 18. Rf1 Bg4 19. Kh1 Bxe2 20. h3 Bxf1 21.
Rxf1 Ne3 22. Rg1 Ng4 23. g3 Nxf2+ 24. Kh2 Nxh3 25. Re1 Qf2+ 26. Kxh3 Rxe1 27.
Qxa8+ Nf8 28. Kg4 Rg1 29. Qf3 Qxf3+ 30. Kxf3 Ng6 31. c4 Bd4 32. Ke4 Rxg3 33.
Kxd4 h5 34. c5 Rg4+ 35. Kd5 Ne7# 0-1

[Event "U.S. Amateur North"]
[Site "Detroit, MI"]
[Date "1997.05.24"]
[Round "2.17"]
[White "Mahabir, Jagdesh"]
[Black "Wisckol, Richard"]
[Result "0-1"]
[WhiteElo "1471"]
[BlackElo "1882"]
[PlyCount "102"]
[EventDate "1997.05.24"]

1. d4 Nf6 2. e3 g6 3. Bd3 Bg7 4. Nd2 O-O 5. Ngf3 b6 6. h3 Bb7 7. O-O d6 8. c3
Nbd7 9. Re1 c5 10. b3 Qc7 11. Bb2 Rfe8 12. e4 Nh5 13. Rc1 Nf4 14. Qc2 Nxd3 15.
Qxd3 Rad8 16. Rc2 Nf6 17. d5 e6 18. c4 exd5 19. exd5 Rxe1+ 20. Nxe1 Re8 21.
Nef3 Bc8 22. g4 Qe7 23. Bxf6 Bxf6 24. Nf1 h5 25. N1h2 hxg4 26. hxg4 Bg7 27. Kf1
f5 28. Re2 Qxe2+ 29. Qxe2 Rxe2 30. Kxe2 fxg4 31. Nh4 g5 32. Ng2 Be5 33. Nf1 Bf5
34. Kd1 Be4 35. Nge3 Bf3+ 36. Kd2 Kf7 37. Ng3 Bxg3 38. fxg3 Kf6 39. Nf1 Ke5 40.
Ke3 Bd1 41. Nd2 Bc2 42. Nf1 Bb1 43. a3 a6 44. Nh2 Ba2 45. Nxg4+ Kf5 46. Nf2
Bxb3 47. g4+ Ke5 48. Nd3+ Kf6 49. Nb2 b5 50. cxb5 axb5 51. Nd1 Bxd1 0-1

[Event "U.S. Amateur North"]
[Site "Detroit, MI"]
[Date "1997.05.24"]
[Round "2.8"]
[White "LaForge, Tom"]
[Black "Jointer, William"]
[Result "1-0"]
[WhiteElo "1966"]
[BlackElo "1651"]
[PlyCount "127"]
[EventDate "1997.05.24"]

1. e4 g6 2. d4 Bg7 3. Nf3 d6 4. Be2 Nf6 5. Nc3 O-O 6. O-O Nc6 7. h3 a6 8. Re1
b5 9. a3 Bb7 10. Bf1 e6 11. Bg5 h6 12. Bf4 Nxd4 13. Qxd4 Nxe4 14. Qe3 Nxc3 15.
bxc3 g5 16. Bh2 Bd5 17. Rab1 f5 18. Nd2 f4 19. Qd3 c5 20. c4 Bc6 21. Rxe6 bxc4
22. Nxc4 Bb5 23. Rxd6 Qc7 24. Qd5+ Kh8 25. g3 Rae8 26. gxf4 gxf4 27. Rd1 Qc8
28. Qh5 Re6 29. Nb6 Qe8 30. Qxe8 Rfxe8 31. Rxe6 Rxe6 32. Bxb5 axb5 33. Nd5 Rg6+
34. Kf1 f3 35. Rd3 Rg5 36. Nc7 Rf5 37. Rd8+ Kh7 38. Ne6 Bb2 39. Rf8 Rxf8 40.
Nxf8+ Kg8 41. Ng6 Bxa3 42. Ne5 c4 43. Nxf3 b4 44. Ke2 b3 45. cxb3 cxb3 46. Nd2
b2 47. Kd3 Bb4 48. Nb1 Bc5 49. f3 Bf8 50. Be5 Kf7 51. Bxb2 Kg6 52. Ke4 Kg5 53.
f4+ Kh4 54. f5 Kxh3 55. f6 Kg3 56. Ba3 Bxa3 57. Nxa3 h5 58. f7 h4 59. f8=Q h3
60. Qf1 Kh2 61. Nc2 Kg3 62. Qh1 h2 63. Ne3 Kh3 64. Nf1 1-0

[Event "U.S. Amateur North"]
[Site "Detroit, MI"]
[Date "1997.05.24"]
[Round "2.4"]
[White "LaFata, Sam"]
[Black "McCarter, Robert"]
[Result "1-0"]
[WhiteElo "2019"]
[BlackElo "1680"]
[PlyCount "97"]
[EventDate "1997.05.24"]

1. e4 c5 2. Nf3 d6 3. d4 cxd4 4. Nxd4 Nf6 5. Nc3 a6 6. Be2 e5 7. Nb3 Be7 8. O-O
O-O 9. f4 b5 10. Bf3 Qb6+ 11. Kh1 b4 12. Nd5 Nxd5 13. Qxd5 Bb7 14. Qa5 Nd7 15.
Bd2 Qa7 16. Qxb4 exf4 17. Bxf4 a5 18. Qd4 Qxd4 19. Nxd4 Ne5 20. Nf5 Rfe8 21.
Rad1 Rac8 22. Rf2 Kf8 23. b3 Red8 24. c4 Rc6 25. Rfd2 Bf6 26. Rxd6 Rcxd6 27.
Rxd6 Rxd6 28. Nxd6 Bc6 29. Bd2 Bd8 30. Kg1 Bb6+ 31. Kf1 Bc5 32. Nf5 g6 33. Ne3
Bxe3 34. Bxe3 a4 35. Ke2 axb3 36. axb3 Nxf3 37. gxf3 Ke7 38. Kd3 Ke6 39. Kd4 f5
40. Bg5 fxe4 41. fxe4 Kd6 42. b4 Be8 43. b5 Kc7 44. Kc5 Bf7 45. Bf4+ Kb7 46.
Kb4 Be6 47. c5 Bg4 48. c6+ Kc8 49. b6 1-0

[Event "U.S. Amateur North"]
[Site "Detroit, MI"]
[Date "1997.05.24"]
[Round "1.8"]
[White "Kyser, Bob"]
[Black "LaForge, Tom"]
[Result "0-1"]
[WhiteElo "1182"]
[BlackElo "1966"]
[PlyCount "70"]
[EventDate "1997.05.24"]

1. d4 Nf6 2. c4 e6 3. Nc3 Bb4 4. Bg5 c5 5. e3 Qa5 6. Qc2 Ne4 7. Nge2 cxd4 8.
exd4 Nxg5 9. f4 Nc6 10. fxg5 Qxg5 11. h4 Qe3 12. Rd1 b6 13. Rd3 Qh6 14. Kd1 Bb7
15. d5 Ne5 16. Rd4 O-O 17. g3 Rac8 18. Nf4 Ng4 19. Rd3 Rxc4 20. Rf3 Rd4+ 21.
Bd3 e5 22. Nfe2 Ne3+ 23. Rxe3 Qxe3 24. Nxd4 Qxd4 25. Re1 Ba6 26. Kd2 Qxd5 27.
a3 Bxc3+ 28. Qxc3 Qxd3+ 29. Qxd3 Bxd3 30. Kxd3 f6 31. Ke4 Rc8 32. Rd1 Rc4+ 33.
Kf5 Rd4 34. Rc1 Kf7 35. Rc7 g6# 0-1

[Event "U.S. Amateur North"]
[Site "Detroit, MI"]
[Date "1997.05.24"]
[Round "3.10"]
[White "King, Kenny"]
[Black "Golonka, Stan"]
[Result "0-1"]
[WhiteElo "1476"]
[BlackElo "1917"]
[PlyCount "90"]
[EventDate "1997.05.24"]

1. d4 c5 2. Nf3 cxd4 3. Nxd4 Nf6 4. g3 Nc6 5. Bg2 e6 6. c4 Be7 7. Nc3 O-O 8.
O-O a6 9. e4 Ne5 10. b3 Qa5 11. Nde2 d6 12. h3 Rd8 13. Be3 Ned7 14. a3 Qc7 15.
Qc2 Rb8 16. Rac1 b6 17. Rfd1 Bb7 18. Bf4 Nf8 19. Rd2 Ng6 20. Be3 Nf8 21. Bf4
Ng6 22. Be3 Rbc8 23. Na4 Nd7 24. Nf4 Bc6 25. Nxg6 hxg6 26. Nc3 Nf6 27. Bf3 Qb7
28. Rcd1 d5 29. exd5 exd5 30. c5 bxc5 31. Na4 d4 32. Bxc6 Qxc6 33. Bg5 Qd5 34.
h4 Rc6 35. Nb2 Rb8 36. Nc4 Re6 37. Bf4 Re8 38. Ne3 Qf3 39. Ng2 Nh5 40. Bc7 Qb7
41. Ba5 Bf8 42. b4 cxb4 43. Rxd4 bxa3 44. Rb1 Qf3 45. Rd7 Re2 0-1

[Event "U.S. Amateur North"]
[Site "Detroit, MI"]
[Date "1997.05.24"]
[Round "1.45"]
[White "King, Edwin"]
[Black "Spindleman, Brian"]
[Result "1-0"]
[WhiteElo "1409"]
[BlackElo "851"]
[PlyCount "61"]
[EventDate "1997.05.24"]

1. d4 Nf6 2. c4 g6 3. Nc3 Bg7 4. e4 O-O 5. e5 Nh5 6. g4 Nf6 7. exf6 Bxf6 8. Nf3
c5 9. Be3 Nc6 10. d5 Ne5 11. Nxe5 Bxe5 12. Bxc5 d6 13. Bd4 Bxd4 14. Qxd4 e5 15.
dxe6 Bxe6 16. Ne4 d5 17. cxd5 Bxd5 18. Nf6+ Qxf6 19. Qxf6 Bxh1 20. O-O-O Rac8+
21. Kb1 Be4+ 22. Ka1 Rc6 23. Qd4 Rfc8 24. Qe3 a6 25. b3 Bc2 26. Rd7 b6 27. Qe7
Rf8 28. Bg2 Rcc8 29. Bd5 Rc3 30. Bxf7+ Kh8 31. Qxf8# 1-0

[Event "U.S. Amateur North"]
[Site "Detroit, MI"]
[Date "1997.05.24"]
[Round "2.20"]
[White "King, Edwin"]
[Black "Croel, Duane"]
[Result "0-1"]
[WhiteElo "1409"]
[BlackElo "1767"]
[PlyCount "76"]
[EventDate "1997.05.24"]

1. d4 Nf6 2. c4 g6 3. Nf3 Bg7 4. g3 O-O 5. Bg2 d5 6. cxd5 Nxd5 7. e4 Nb6 8. O-O
Bg4 9. d5 c6 10. dxc6 Nxc6 11. Qb3 Be6 12. Qc2 Nc4 13. Qe2 Qb6 14. Nbd2 Nxb2
15. Ng5 Nd4 16. Qe3 Nc4 17. Qd3 Ne5 18. Qb1 Qxb1 19. Rxb1 Bxa2 20. Rxb7 Rfd8
21. Ngf3 Nec6 22. Ba3 a5 23. Bxe7 Nxe7 24. Rxe7 a4 25. e5 Nc6 26. Rb7 Nxe5 27.
Nxe5 Rxd2 28. Nc6 Re8 29. Ra7 Bb3 30. Nb4 Bf8 31. Nc6 Rd1 32. Rxd1 Bxd1 33. Bd5
Kh8 34. Bxf7 Re2 35. Ra8 Kg7 36. Bc4 Rc2 37. Bb5 Bf3 38. Nb4 Rc1+ 0-1

[Event "U.S. Amateur North"]
[Site "Detroit, MI"]
[Date "1997.05.24"]
[Round "1.2"]
[White "King, Billy"]
[Black "Jarosz, Stan"]
[Result "0-1"]
[WhiteElo "1325"]
[BlackElo "2035"]
[PlyCount "80"]
[EventDate "1997.05.24"]

1. e4 c5 2. Nc3 Nc6 3. d3 g6 4. Be3 d6 5. g3 Bg7 6. Bg2 e6 7. Qd2 Nge7 8. Bh6
O-O 9. Bxg7 Kxg7 10. h4 h5 11. Nh3 Nd4 12. Nd1 e5 13. c3 Ndc6 14. Ne3 b5 15. f3
b4 16. g4 Ng8 17. Nf2 bxc3 18. bxc3 hxg4 19. fxg4 Rb8 20. Ke2 Be6 21. Bf3 Qa5
22. g5 Rb7 23. h5 Rfb8 24. Ned1 Qa3 25. Kf1 Rb1 26. Rxb1 Rxb1 27. hxg6 fxg6 28.
Ng4 Qxa2 29. Qe1 Qc2 30. Nf6 Qxd3+ 31. Be2 Qc2 32. Ne8+ Kf8 33. Nxd6 Ke7 34.
Nb5 Qxe4 35. Rh7+ Kf8 36. Rh4 Qf5+ 37. Qf2 Bb3 38. Qxf5+ gxf5 39. Ke1 Bxd1 40.
Bxd1 Rxb5 0-1

[Event "U.S. Amateur North"]
[Site "Detroit, MI"]
[Date "1997.05.24"]
[Round "3.13"]
[White "King, Billy"]
[Black "Evans Sr., Thomas"]
[Result "1-0"]
[WhiteElo "1325"]
[BlackElo "1968"]
[PlyCount "113"]
[EventDate "1997.05.24"]

1. e4 e6 2. d4 d5 3. Nc3 Bb4 4. e5 Ne7 5. a3 Bxc3+ 6. bxc3 Ng6 7. Nf3 Nh4 8.
Bd3 Nxg2+ 9. Kf1 Nh4 10. Rg1 Ng6 11. h4 Ne7 12. Rxg7 h6 13. Nh2 Nbc6 14. Qh5
Kd7 15. Ng4 Na5 16. Qxf7 Qf8 17. Qxf8 Rxf8 18. Bxh6 a6 19. Bg5 Nac6 20. h5 b5
21. h6 Bb7 22. h7 Rad8 23. Nf6+ Kc8 24. Ng8 Rxg8 25. hxg8=Q Rxg8 26. Rxg8+ Nxg8
27. a4 bxa4 28. Rxa4 a5 29. Bb5 Na7 30. Bd3 Nc6 31. Kg2 Nge7 32. Bxe7 Nxe7 33.
Rxa5 Kd8 34. Ra1 Kd7 35. Rb1 Bc8 36. Kg3 Ke8 37. Kg4 Kf7 38. Rh1 Kg7 39. Rh7+
Kf8 40. Kg5 Bd7 41. Bg6 Ba4 42. Rf7+ Ke8 43. Rf6+ Nxg6 44. Rxe6+ Kf7 45. Rxg6
Bxc2 46. Rc6 Bh7 47. Rxc7+ Ke6 48. Rc6+ Ke7 49. f4 Be4 50. f5 Kf7 51. Rc7+ Kg8
52. Kf6 Kh8 53. e6 Bf3 54. Kg6 Bh5+ 55. Kxh5 Kg8 56. f6 Kh8 57. Kh6 1-0

[Event "U.S. Amateur North"]
[Site "Detroit, MI"]
[Date "1997.05.24"]
[Round "1.33"]
[White "Kane, Paul"]
[Black "Smith, Tyrnn"]
[Result "1-0"]
[WhiteElo "1629"]
[BlackElo "588"]
[PlyCount "63"]
[EventDate "1997.05.24"]

1. d4 Nc6 2. d5 Nb4 3. a3 Na6 4. e4 d6 5. b4 Nf6 6. Bd3 Bg4 7. f3 Bh5 8. Ne2 g6
9. Bb2 Bg7 10. g4 Bxg4 11. fxg4 Nxg4 12. Bxg7 Rg8 13. Bd4 e5 14. dxe6 fxe6 15.
Qd2 e5 16. Bg1 Rf8 17. Nbc3 Qf6 18. O-O-O O-O-O 19. Bxa7 Nb8 20. Nd5 Qh4 21. h3
Nf2 22. Bxf2 Rxf2 23. Qc3 c6 24. b5 Qg5+ 25. Kb1 Rdf8 26. bxc6 bxc6 27. Ba6+
Nxa6 28. Qxc6+ Kb8 29. Qb6+ Ka8 30. Qxa6+ Kb8 31. Qb6+ Ka8 32. Nc7# 1-0

[Event "U.S. Amateur North"]
[Site "Detroit, MI"]
[Date "1997.05.24"]
[Round "3.23"]
[White "Kane, Paul"]
[Black "Maldonado, Florentino"]
[Result "1-0"]
[WhiteElo "1629"]
[BlackElo "994"]
[PlyCount "49"]
[EventDate "1997.05.24"]

1. d4 Nc6 2. d5 Ne5 3. e4 Nf6 4. f4 Neg4 5. e5 Nxe5 6. fxe5 Ng8 7. Nf3 d6 8.
Bb5+ Bd7 9. Bxd7+ Qxd7 10. O-O O-O-O 11. c4 e6 12. Nc3 Ne7 13. Be3 b6 14. a4
Nf5 15. Bf2 g6 16. a5 Bg7 17. axb6 cxb6 18. Nb5 dxe5 19. Nxa7+ Kb8 20. Nc6+
Qxc6 21. dxc6 Rxd1 22. Rfxd1 e4 23. Ng5 e3 24. Bg3+ Kc8 25. Rd7 1-0

[Event "U.S. Amateur North"]
[Site "Detroit, MI"]
[Date "1997.05.24"]
[Round "1.31"]
[White "Jointer, William"]
[Black "Wallace, Kyle"]
[Result "1-0"]
[WhiteElo "1651"]
[BlackElo "696"]
[PlyCount "23"]
[EventDate "1997.05.24"]

1. e4 e5 2. Nf3 Nf6 3. Nxe5 Nxe4 4. Qe2 f5 5. d3 Qe7 6. Bf4 Qb4+ 7. c3 Qd6 8.
dxe4 fxe4 9. Qxe4 Nc6 10. Nxc6+ Be7 11. Bxd6 cxd6 12. Qxe7# 1-0

[Event "U.S. Amateur North"]
[Site "Detroit, MI"]
[Date "1997.05.24"]
[Round "3.21"]
[White "Jointer, William"]
[Black "Lueer, Michael"]
[Result "1-0"]
[WhiteElo "1651"]
[BlackElo "1045"]
[PlyCount "69"]
[EventDate "1997.05.24"]

1. d4 Nf6 2. f3 g6 3. e4 d6 4. Nc3 Bg7 5. Be3 O-O 6. g4 e5 7. d5 Bd7 8. h4 c6
9. dxc6 Bxc6 10. Qd2 d5 11. O-O-O d4 12. Bh6 dxc3 13. Qxd8 Rxd8 14. Rxd8+ Be8
15. Bxg7 Kxg7 16. g5 Nfd7 17. Rxe8 Nb6 18. Ne2 Nc6 19. Rxa8 Nxa8 20. Nxc3 Nd4
21. Bg2 Nb6 22. Nd5 Ne2+ 23. Kd2 Ng3 24. Rh3 Nxd5 25. exd5 Nf5 26. a4 f6 27.
Kd3 Ne7 28. c4 f5 29. d6 Nc6 30. Kc3 Kf7 31. b4 b6 32. h5 a5 33. hxg6+ Kxg6 34.
b5 Kxg5 35. bxc6 1-0

[Event "U.S. Amateur North"]
[Site "Detroit, MI"]
[Date "1997.05.24"]
[Round "1.30"]
[White "Jaynes, Anthony"]
[Black "Gentry, Loyd"]
[Result "0-1"]
[WhiteElo "714"]
[BlackElo "1670"]
[PlyCount "60"]
[EventDate "1997.05.24"]

1. e4 c5 2. Nf3 Nc6 3. c3 e6 4. d4 Nf6 5. Bg5 Be7 6. Nbd2 cxd4 7. cxd4 Qb6 8.
Bxf6 Bxf6 9. Nb3 Be7 10. d5 Bb4+ 11. Nfd2 Nd4 12. Bd3 Nxb3 13. axb3 Qd4 14. Qc2
exd5 15. exd5 Qe5+ 16. Be4 O-O 17. f3 f5 18. O-O fxe4 19. fxe4 Qd4+ 20. Kh1
Rxf1+ 21. Nxf1 d6 22. Rd1 Qe5 23. Qc4 Bg4 24. Rc1 Rc8 25. Qxc8+ Bxc8 26. Rxc8+
Kf7 27. Rc7+ Kg6 28. Rxb7 Qxe4 29. Rxa7 Qe2 30. Kg1 Bc5+ 0-1

[Event "U.S. Amateur North"]
[Site "Detroit, MI"]
[Date "1997.05.24"]
[Round "2.2"]
[White "Jarosz, Stan"]
[Black "Schell, Ken"]
[Result "1-0"]
[WhiteElo "2035"]
[BlackElo "1697"]
[PlyCount "39"]
[EventDate "1997.05.24"]

1. d4 d5 2. Nf3 Nf6 3. Bf4 e6 4. e3 Bd6 5. Bg3 O-O 6. Bd3 c5 7. c3 Nc6 8. Nbd2
Re8 9. Ne5 Qc7 10. f4 g6 11. O-O b6 12. Ndf3 Bb7 13. Ng5 Nd8 14. Bb5 Rf8 15.
Bh4 Bxe5 16. fxe5 Ne4 17. Nxe4 dxe4 18. Bf6 a6 19. Qg4 axb5 20. Qg5 1-0

[Event "U.S. Amateur North"]
[Site "Detroit, MI"]
[Date "1997.05.24"]
[Round "3.20"]
[White "Hooker, Larry"]
[Black "Marinelli, Philip"]
[Result "0-1"]
[WhiteElo "1067"]
[BlackElo "1680"]
[PlyCount "62"]
[EventDate "1997.05.24"]

1. e4 g6 2. d4 Bg7 3. Nf3 d6 4. Nc3 c6 5. Be2 Nd7 6. Ng5 h6 7. Nf3 e5 8. d5 c5
9. Nb5 Ndf6 10. Nc3 Ne7 11. Be3 a6 12. Qd2 b5 13. a3 Ng4 14. h3 Nxe3 15. Qxe3
f5 16. g3 O-O 17. Nh4 b4 18. axb4 cxb4 19. Na2 fxe4 20. Qxe4 Bf5 21. Qe3 a5 22.
Qd2 Qc8 23. Rc1 Qc5 24. c4 Bd7 25. Qe3 Qc7 26. Qd3 Bf5 27. Nxf5 Nxf5 28. g4 e4
29. Qxe4 Rae8 30. Qd3 Nd4 31. Rc2 b3 0-1

[Event "U.S. Amateur North"]
[Site "Detroit, MI"]
[Date "1997.05.24"]
[Round "1.12"]
[White "Hooker, Larry"]
[Black "Golonka, Stan"]
[Result "0-1"]
[WhiteElo "1067"]
[BlackElo "1917"]
[PlyCount "140"]
[EventDate "1997.05.24"]

1. e4 c5 2. Nf3 Nc6 3. Bc4 e6 4. Nc3 a6 5. d4 cxd4 6. Nxd4 Qc7 7. Nde2 b5 8.
Bd3 Nf6 9. Bf4 d6 10. O-O Be7 11. Ng3 Bb7 12. Re1 Rd8 13. Nh5 O-O 14. Qf3 Nd4
15. Nxf6+ Bxf6 16. Qh3 e5 17. Be3 Ne6 18. Nd5 Qc8 19. Nxf6+ gxf6 20. Bh6 Nf4
21. Qxc8 Rxc8 22. Bxf8 Kxf8 23. Re3 Ke7 24. g3 Nh3+ 25. Kg2 Ng5 26. h4 Ne6 27.
b3 Nc5 28. Kf1 Ne6 29. c4 Nd4 30. cxb5 axb5 31. Ke1 Kd7 32. Kd2 Rg8 33. a4
Nxb3+ 34. Kd1 Nxa1 35. Bxb5+ Kc7 36. Kc1 Rg4 37. Kb1 Rxe4 38. Rc3+ Kb6 39. Kxa1
f5 40. Rb3 Re1+ 41. Ka2 Ka5 42. Bc4 Bc6 43. Bxf7 Re2+ 44. Rb2 Rxb2+ 45. Kxb2
Kxa4 46. Kc3 Kb5 47. Be6 Be4 48. Kd2 Kc5 49. Ke3 d5 50. f3 d4+ 51. Ke2 Bb1 52.
g4 fxg4 53. fxg4 Kd6 54. Bf5 Bxf5 55. gxf5 e4 56. Kf2 Ke5 57. f6 Kxf6 58. Kg3
Kf5 59. h5 h6 60. Kf2 Kg4 61. Ke2 Kxh5 62. Kd2 Kg4 63. Ke2 Kg3 64. Kd2 h5 65.
Ke2 h4 66. Kf1 d3 67. Ke1 e3 68. Kf1 Kf3 69. Ke1 h3 70. Kf1 h2 0-1

[Event "U.S. Amateur North"]
[Site "Detroit, MI"]
[Date "1997.05.24"]
[Round "2.21"]
[White "Hill, Brad"]
[Black "Shukla, Ravi"]
[Result "1-0"]
[WhiteElo "1743"]
[BlackElo "945"]
[PlyCount "71"]
[EventDate "1997.05.24"]

1. d4 d5 2. c4 c6 3. Nc3 Nf6 4. cxd5 cxd5 5. Bg5 Nc6 6. Bxf6 exf6 7. e3 Bb4 8.
Bd3 O-O 9. Nge2 Bg4 10. O-O Re8 11. Qb1 g6 12. Nf4 Bxc3 13. bxc3 b6 14. Qb5 Ne7
15. c4 Bd7 16. Qb3 Bc6 17. Rac1 Bb7 18. Rc3 Qd7 19. Rfc1 Rec8 20. h3 g5 21. Nh5
Nf5 22. Nxf6+ Kg7 23. Nxd7 Nh4 24. c5 Rc7 25. c6 Bxc6 26. Ne5 Rac8 27. Rxc6
Rxc6 28. Rxc6 Rxc6 29. Nxc6 a5 30. Qxd5 h6 31. Qe5+ Kg8 32. Qf6 Nf3+ 33. gxf3
g4 34. Ne7+ Kf8 35. Ng6+ Kg8 36. Qh8# 1-0

[Event "U.S. Amateur North"]
[Site "Detroit, MI"]
[Date "1997.05.24"]
[Round "3.33"]
[White "Henry, Robynne"]
[Black "Smalec, Joseph"]
[Result "1-0"]
[WhiteElo "876"]
[BlackElo "1121"]
[PlyCount "37"]
[EventDate "1997.05.24"]

1. e4 c5 2. Nf3 d6 3. Bb5+ Bd7 4. Bxd7+ Nxd7 5. Nc3 Ngf6 6. d4 cxd4 7. Nxd4 g6
8. Nf3 Bg7 9. O-O O-O 10. Qe2 Qc7 11. Be3 e5 12. Rad1 Rfe8 13. Nb5 Qb8 14. Nxd6
Re6 15. Nb5 Qe8 16. Nc7 Qf8 17. Nxe6 fxe6 18. Ng5 Bh6 19. Nxe6 1-0

[Event "U.S. Amateur North"]
[Site "Detroit, MI"]
[Date "1997.05.24"]
[Round "1.22"]
[White "Henry, Robynne"]
[Black "Hill, Brad"]
[Result "0-1"]
[WhiteElo "876"]
[BlackElo "1743"]
[PlyCount "66"]
[EventDate "1997.05.24"]

1. e4 c5 2. d3 Nc6 3. Nf3 d6 4. Be3 g6 5. Nbd2 Bg7 6. Rb1 Nf6 7. c4 O-O 8. g3
Bg4 9. Bg2 Rb8 10. a4 Nd7 11. O-O Nde5 12. Qe2 Nb4 13. d4 cxd4 14. Bxd4 Nxf3+
15. Bxf3 Bh3 16. Rfd1 Bxd4 17. Nb3 Bg7 18. c5 Be6 19. Nc1 Rc8 20. cxd6 Rc2 21.
dxe7 Qxe7 22. Rd2 Rfc8 23. Nd3 Qd7 24. Rbd1 Rxd2 25. Rxd2 Qxa4 26. Qe3 Nxd3 27.
Qxd3 Bc4 28. Qd7 Qxd7 29. Rxd7 Be6 30. Rxb7 Bh3 31. Rb8 Rxb8 32. Be2 Rxb2 33.
Bd3 Ra2 0-1

[Event "U.S. Amateur North"]
[Site "Detroit, MI"]
[Date "1997.05.24"]
[Round "2.9"]
[White "Grzegorczyk, Ron"]
[Black "Poenisch, Volker"]
[Result "0-1"]
[WhiteElo "1642"]
[BlackElo "1957"]
[PlyCount "82"]
[EventDate "1997.05.24"]

1. e4 e5 2. Nf3 Nc6 3. Bb5 a6 4. Ba4 Nf6 5. O-O Be7 6. Re1 b5 7. Bb3 O-O 8. Nc3
d6 9. Nd5 Na5 10. Nxe7+ Qxe7 11. d3 h6 12. Qd2 Nxb3 13. axb3 Bg4 14. Kh1 Nd7
15. Ng1 f5 16. f3 Bh5 17. Ne2 fxe4 18. dxe4 Nc5 19. Ng3 Bg6 20. Qe2 Ne6 21. Be3
Nf4 22. Bxf4 exf4 23. Nf1 Qe5 24. c3 Rfe8 25. Qd2 Bf7 26. b4 Bc4 27. Qf2 Qf6
28. Nd2 Be6 29. Nf1 h5 30. Nd2 Kf7 31. Nf1 Rh8 32. h3 g5 33. Kg1 g4 34. fxg4
hxg4 35. g3 f3 36. h4 Rag8 37. Rxa6 Rxh4 38. gxh4 g3 39. Nxg3 Qf4 40. Kh1 Rxg3
41. Qh2 Rh3 0-1

[Event "U.S. Amateur North"]
[Site "Detroit, MI"]
[Date "1997.05.24"]
[Round "2.30"]
[White "Goode, Randy"]
[Black "Saenz, Scott"]
[Result "0-1"]
[WhiteElo "835"]
[BlackElo "1287"]
[PlyCount "46"]
[EventDate "1997.05.24"]

1. e4 c5 2. Nf3 Nc6 3. d4 cxd4 4. Nxd4 e5 5. Nf3 a6 6. Bc4 d6 7. c3 Nge7 8. Qb3
d5 9. exd5 Na5 10. Qc2 Nxc4 11. Qa4+ b5 12. Qc2 Bf5 13. Qe2 Qxd5 14. Nbd2 Bd3
15. Qd1 Nc6 16. Nxc4 Qxc4 17. Ng5 f6 18. Qf3 Rd8 19. Nh3 Be4 20. Qe2 Qxe2+ 21.
Kxe2 Bxg2 22. Rg1 Bxh3 23. Rg3 Bf5 0-1

[Event "U.S. Amateur North"]
[Site "Detroit, MI"]
[Date "1997.05.24"]
[Round "2.12"]
[White "Golonka, Stan"]
[Black "Shockley, Robert"]
[Result "1/2-1/2"]
[WhiteElo "1917"]
[BlackElo "1619"]
[PlyCount "71"]
[EventDate "1997.05.24"]

1. c4 e6 2. e4 d5 3. cxd5 exd5 4. exd5 Qxd5 5. Nc3 Qa5 6. Bb5+ c6 7. Qe2+ Be6
8. Bc4 Qf5 9. Nf3 Bc5 10. d4 Be7 11. Bxe6 fxe6 12. O-O Na6 13. Re1 Nc7 14. Ne4
O-O-O 15. Ng3 Qf8 16. Qc4 h6 17. Ne5 Qe8 18. Be3 Kb8 19. Rac1 Nd5 20. Qb3 Rc8
21. a3 Ngf6 22. Qc2 Bd6 23. Qa4 Nb6 24. Qa5 Nfd5 25. Ne4 Bxe5 26. dxe5 Qh5 27.
Nd6 Rc7 28. Bd4 Qg4 29. Qd2 Nf4 30. f3 Qg5 31. Kh1 Rd8 32. Bxb6 axb6 33. Rc4
Rf8 34. Ree4 Ng6 35. Qxg5 hxg5 36. a4 1/2-1/2

[Event "U.S. Amateur North"]
[Site "Detroit, MI"]
[Date "1997.05.24"]
[Round "2.35"]
[White "Goerke, Jesse"]
[Black "Thompson, Shereece"]
[Result "1-0"]
[WhiteElo "1152"]
[BlackElo "693"]
[PlyCount "59"]
[EventDate "1997.05.24"]

1. e4 e5 2. Nf3 Nc6 3. Nc3 Nf6 4. Bc4 Bc5 5. d3 O-O 6. Bg5 Be7 7. Qd2 Bb4 8. a3
Bc5 9. Nd5 Be7 10. Nc3 d6 11. h3 a6 12. O-O b5 13. Bb3 Bb7 14. Nd5 Nd4 15. Nxd4
exd4 16. Nxe7+ Qxe7 17. Qf4 Bxe4 18. Bxf6 Qd7 19. dxe4 Qe6 20. Bxe6 fxe6 21. e5
dxe5 22. Qxe5 Rxf6 23. Qxc7 a5 24. Rad1 b4 25. axb4 axb4 26. Rxd4 Ra4 27. Rd8+
Rf8 28. Rxf8+ Kxf8 29. Rd1 g6 30. Rd8# 1-0

[Event "U.S. Amateur North"]
[Site "Detroit, MI"]
[Date "1997.05.24"]
[Round "2.26"]
[White "Goerke, Daniel"]
[Black "Iyer, Krishnan"]
[Result "0-1"]
[WhiteElo "869"]
[BlackElo "1494"]
[PlyCount "122"]
[EventDate "1997.05.24"]

1. e4 c5 2. Nf3 Nc6 3. Nc3 d6 4. d3 Nf6 5. Be3 e6 6. d4 cxd4 7. Nxd4 Be7 8.
Nxc6 bxc6 9. g3 O-O 10. Bg2 Qa5 11. O-O Rb8 12. Rb1 c5 13. Bf4 Rd8 14. Qe1 Ba6
15. Ne2 Qxa2 16. Ra1 Qc4 17. b3 Qxe2 18. Qxe2 Bxe2 19. Rfe1 Bb5 20. e5 Nd5 21.
Bxd5 exd5 22. Rxa7 dxe5 23. Bxe5 Bd6 24. Bxd6 Rxd6 25. Rae7 Kf8 26. Rc7 c4 27.
b4 Re6 28. Ra1 Ra6 29. Re1 Re8 30. Rd1 Rd6 31. Rc5 Bc6 32. b5 Ba8 33. Rb1 Rb6
34. Ra1 Reb8 35. Rb1 Ke7 36. Rc7+ Kf6 37. Ra7 Bc6 38. Re1 Bxb5 39. Ree7 Be8 40.
Rec7 Rb1+ 41. Kg2 Ke5 42. Ra5 g5 43. Kf3 h5 44. Re7+ Kd4 45. c3+ Kxc3 46. Rxd5
Bc6 47. Re3+ Kb4 48. Ree5 f6 49. Rf5 Bxd5+ 50. Rxd5 Re8 51. Rf5 Re6 52. h4 c3
53. hxg5 fxg5 54. Rxg5 c2 55. Rxh5 c1=Q 56. Rh4+ Kc5 57. g4 Qd1+ 58. Kg3 Rb3+
59. Kh2 Qf3 60. Kg1 Re1+ 61. Kh2 Qxf2# 0-1

[Event "U.S. Amateur North"]
[Site "Detroit, MI"]
[Date "1997.05.24"]
[Round "3.37"]
[White "Gillom, Donte"]
[Black "Yeager, John"]
[Result "1-0"]
[WhiteElo "881"]
[BlackElo "494"]
[PlyCount "71"]
[EventDate "1997.05.24"]

1. e4 e6 2. Nf3 d5 3. Nc3 Nf6 4. d3 c5 5. e5 Nfd7 6. Bd2 Nc6 7. Qe2 b6 8. a3
Bb7 9. Bg5 Be7 10. Bxe7 Qxe7 11. O-O-O O-O 12. Re1 f6 13. exf6 Nxf6 14. Ng5 Nd4
15. Qd1 h6 16. Nf3 Ng4 17. Qd2 c4 18. Nxd4 cxd3 19. f3 Nf6 20. Bxd3 e5 21. Nf5
Qe6 22. Nxh6+ gxh6 23. Qxh6 Qf7 24. Rxe5 Qg7 25. Rg5 Qxg5+ 26. Qxg5+ Kf7 27.
Bg6+ Ke7 28. Qe5+ Kd8 29. Qd6+ Nd7 30. Bh5 Rf6 31. Qg3 Rc8 32. Bg4 d4 33. Bxd7
Kxd7 34. Qg7+ Ke6 35. Re1+ Kf5 36. Qg4# 1-0